00777cam a2200217 a 4500020001500000040000800015082002600023245005600049260003700105300002400142650002400166650002200190650002000212700002000232700002000252856006200272856005400334942000700388999001700395952014700412 a0070535604 cDLC00a301 MCG 1996 A067 Or.00aMulticultural experiences, multicultural theories / aNew York :bMcGraw-Hill,cc1996. ax, 438 p. ;c24 cm. 0aCultural pluralism. 0aMulticulturalism. 0aSocial sciences1 aRogers, Mary F.1 aRitzer, George.42uhttp://www.loc.gov/catdir/description/mh022/95025248.html41uhttp://www.loc.gov/catdir/toc/mh022/95025248.html cEK c14317d14317 0010406301_000000000000000_MCG_1996_A067_OR70966345aLBAbLBAcA067d2017-10-12o301 MCG 1996 A067 Or.pA15762r2017-10-12w2017-10-12yEK